| 000 | 00392 a2200157 4500 | ||
|---|---|---|---|
| 999 |
_c12767 _d12767 |
||
| 003 | OSt | ||
| 005 | 20240711180130.0 | ||
| 008 | 240711b ||||| |||| 00| 0 eng d | ||
| 020 | _a 9783038602231 | ||
| 082 | _a720.92 | ||
| 100 | _aEdited by Hubertus Adam | ||
| 245 | _aAtelier Deshaus 2001–2020: Architecture 2001-2020 | ||
| 260 |
_b Park Books _c2023 |
||
| 300 | _a278p; | ||
| 942 | _2ddc | ||